Bleachers - Reckless Love (Lyrics) - Statistics

General Stats
  • This quiz has been taken 4 times
  • The average score is 133 of 228
Answer Stats
Answer % Correct
a
100%
A
100%
love
100%
love,
100%
reckless
100%
the
100%
To
100%
to
100%
you
100%
your
100%
Your
100%
and
50%
away
50%
back
50%
bad
50%
break
50%
broken
50%
burn
50%
burned
50%
chance
50%
could
50%
darkest
50%
defend
50%
disguise
50%
don't
50%
dreams
50%
finding
50%
Get
50%
give
50%
given
50%
go,
50%
go
50%
gonna
50%
got
50%
guard
50%
I
50%
If
50%
if
50%
in
50%
I've
50%
Just
50%
keep
50%
let
50%
love's
50%
me
50%
me,
50%
my
50%
nights
50%
Of
50%
of
50%
on
50%
remember
50%
restless
50%
shadows
50%
So
50%
stand
50%
strange,
50%
strange
50%
thankless
50%
up
50%
use
50%
vision
50%
way
50%
What
50%
Whoa,
50%
whoa,
50%
whoa
50%
ya
50%
you're
50%
call
0%
'Cause
0%
harshest
0%
it
0%
other
0%
out,
0%
own
0%
side
0%
standing
0%
That
0%
They
0%
Thinking
0%
words
0%
world
0%
would
0%
No matching quizzes found
Score Distribution
Percent of People with Each Score
Percentile by Number Answered
Your Score History
You have not taken this quiz